000 00290 a2200121 4500
001 148633
040 _cEscola São Tomás de Aquino
100 _aFALCÃO, Adriana
240 1 0 _aMania de explicação
_lpor
245 1 0 _aMania de explicação
697 _a*LITERATURA INFANTO
942 _cBK
999 _c148633
_d148633